000 00330nam a22001457a 4500
008 210519b ||||| |||| 00| 0 eng d
020 _a080577839
041 _aeng
080 _a316
082 _a316
100 _a50
101 _aSOC
245 _aWomen in the Mines Stories of Life and WORK
_cMarat Moore
942 _2udc
_cBK
999 _c57495
_d57495